| 000 | 00533nam a22001577a 4500 | ||
|---|---|---|---|
| 003 | NUST | ||
| 082 | _a670 | ||
| 100 |
_aABDUL BASEER ,RAJA _927071 |
||
| 245 |
_aDesign Analysis of Bumper Support Beam / _cRAJA ABDUL BASEER |
||
| 264 |
_aIslamabad: _bSMME- NUST. _c2020. |
||
| 300 |
_a56p. ; _bSoft Copy, _c30cm. |
||
| 650 |
_aMS Design and Manufacturing Engineering _9119567 |
||
| 700 |
_aSupervisor : Dr. Shahid Ikramullah Butt _9119623 |
||
| 856 | _uhttp://10.250.8.41:8080/xmlui/handle/123456789/18334 | ||
| 942 |
_2ddc _cTHE |
||
| 999 |
_c608754 _d608754 |
||